Managing innovation: Integrating technological, market and organizational change (Record no. 395922)

MARC details
000 -LEADER
fixed length control field 00629nam a22002297a 4500
005 - DATE & TIME
control field 20251224111518.0
008 - FIXED-LENGTH DATA ELEMENTS--GENERAL INFORMATION
fixed length control field 251224b |||||||| |||| 00| 0 eng d
020 ## - ISBN
International Standard Book Number 8126509716
Price Rs. 550.00
040 ## - CATALOGING SOURCE
Original cataloging agency VIVEKANANDA LIBRARY
082 ## - DDC NUMBER
Classification number 658.4063
Book Number T438M(3)
100 ## - MAIN ENTRY--PERSONAL NAME
Personal name Tidd, Joe
245 ## - TITLE STATEMENT
Title Managing innovation: Integrating technological, market and organizational change
250 ## - EDITION STATEMENT
Edition statement 3rd
260 ## - PUBLICATION, DISTRIBUTION, ETC. (IMPRINT)
Place of publication, distribution, etc New Delhi
Name of publisher, distributor, etc John Wiley
Date of publication, distribution, etc 2006
300 ## - PHYSICAL DESCRIPTION
Pages xviii, 582
650 ## - Subject
Subject Management
650 ## - Subject
Subject Executive Management
650 ## - Subject
Subject Innovation Management
700 ## - Added Entry Personal Name
Added Entry Personal Name Bessant, John
700 ## - Added Entry Personal Name
Added Entry Personal Name Pavitt, Keith
942 ## - ADDED ENTRY ELEMENTS (KOHA)
Koha item type Books
Holdings
Withdrawn status Lost status Source of classification or shelving scheme Damaged status Not for loan Location (home branch) Sublocation or collection (holding branch) Shelving location Date acquired Koha issues (times borrowed) Koha full call number Accession No. Koha date last seen Koha item type
    Dewey Decimal Classification     VIVEKANANDA LIBRARY VIVEKANANDA LIBRARY Vivekananda Library 24/12/2025   658.4063 T438M(3) 314479 24/12/2025 Books
© Designed and Maintained by Vivekananda Library, MDU Rohtak